Reforma dôchodkového systému Švédska
Stručný pohľad na dôchodkovú reformu vo Švédsku. Švédsky dôchodkový systém je považovaný za výsledok dobrej dôchodkovej reformy, predstavuje výsledok zmysluplnej fungujúcej a prínosnej reformy s mnohými pozitívnymi prvkami. Výhody švédskeho dôchodkového systému a možné riziká transformácie obdobného...
Na minha lista:
| Autor principal: | |
|---|---|
| Outros Autores: | |
| Formato: | Capítulo de Livro |
| Idioma: | eslovaco |
| Assuntos: | |
| Tags: |
Sem tags, seja o primeiro a adicionar uma tag!
|
MARC
| LEADER | 00000nla a2200000 4500 | ||
|---|---|---|---|
| 001 | 0179337 | ||
| 005 | 20240502073040.2 | ||
| 041 | 0 | |a slo | |
| 044 | |a SK | ||
| 245 | 1 | 0 | |a Reforma dôchodkového systému Švédska |c Marcel Novák, Ján Toma |
| 520 | |a Stručný pohľad na dôchodkovú reformu vo Švédsku. Švédsky dôchodkový systém je považovaný za výsledok dobrej dôchodkovej reformy, predstavuje výsledok zmysluplnej fungujúcej a prínosnej reformy s mnohými pozitívnymi prvkami. Výhody švédskeho dôchodkového systému a možné riziká transformácie obdobného systému do ďalších krajín Európskej únie. | ||
| 610 | 2 | 0 | |a Európa |
| 610 | 2 | 0 | |a Švédsko |
| 610 | 2 | 0 | |a poistenie sociálne |
| 610 | 2 | 0 | |a systémy dôchodkové |
| 610 | 2 | 0 | |a poistenie dôchodkové |
| 610 | 2 | 0 | |a reformy dôchodkové |
| 100 | 1 | |a Novák, Marcel, 1979- | |
| 700 | 1 | |a Toma, Ján | |